[Event "Continental op 48th"]
[Site "Sturbridge"]
[Date "2018.08.18"]
[Round "6"]
[White "Falcao, Wesley"]
[Black "Belous, Nicholas"]
[Result "1-0"]
[WhiteElo "2148"]
[BlackElo "1852"]
[PlyCount "113"]
[EventDate "2018.08.16"]
[EventType "swiss"]
[EventRounds "9"]
[EventCountry "USA"]
[SourceTitle "CBM 186 Extra"]
[Source "ChessBase"]
[SourceDate "2018.08.24"]
[SourceVersion "1"]
[SourceVersionDate "2018.08.24"]
[SourceQuality "1"]

1. e4 e6 2. d4 d5 3. Nc3 Nf6 4. Bg5 dxe4 5. Nxe4 Be7 6. Bxf6 Bxf6 7. Nf3 0-0 8. Bd3 Nd7 9. 0-0 Re8 10. c3 Nf8 11. Ne5 Bxe5 12. dxe5 b6 13. Qg4 Ng6 14. Rad1 Qh4 15. Qxh4 Nxh4 16. Bb5 Rf8 17. Bc6 Rb8 18. f4 Ng6 19. g3 Ne7 20. Bb5 a6 21. Ba4 Bb7 22. Bc2 Rbd8 23. Ng5 Ng6 24. h4 Bd5 25. h5 h6 26. Nxf7 Rxf7 27. hxg6 Rfd7 28. a3 Bc4 29. Rxd7 Rxd7 30. Rd1 Rxd1+ 31. Bxd1 Bd3 32. Bg4 Bc4 33. Kf2 a5 34. Ke3 Kf8 35. Kd4 Bb3 36. c4 Ke7 37. Kc3 Ba4 38. c5 Bc6 39. cxb6 cxb6 40. Kc4 Kd7 41. Be2 Kc7 42. g4 Kd7 43. Kd4 Ke7 44. f5 Be8 45. Bc4 exf5 46. gxf5 h5 47. Ke3 h4 48. Kf4 h3 49. Kg3 Bd7 50. Bd3 Bc6 51. Kxh3 Bd5 52. Kg3 Bb3 53. Kf4 Bd5 54. Ke3 Bc6 55. Bc4 Bd7 56. f6+ Kf8 57. e6 1-0